Faktory determinujúce realizáciu elektronického obchodu
Identifikácia faktorov determinujúcich elektronické obchodovanie na strane spotrebiteľa a poukázanie na príčiny vzniku odlišností v rovine elektronického obchodovania medzi Slovenskou republikou a Maďarskom. Autorka následne navrhuje slovenským podnikateľom predávajúcim svoje produkty prostredníctvo...
Saved in:
| Main Author: | |
|---|---|
| Format: | Book Chapter |
| Language: | Slovak |
| Subjects: | |
| Tags: |
No Tags, Be the first to tag this record!
|
MARC
| LEADER | 00000nla a2200000 4500 | ||
|---|---|---|---|
| 001 | 0175340 | ||
| 005 | 20240502073006.1 | ||
| 041 | 0 | |a slo | |
| 044 | |a SK | ||
| 245 | 1 | 0 | |a Faktory determinujúce realizáciu elektronického obchodu |c Ingrid Potisková |
| 520 | |a Identifikácia faktorov determinujúcich elektronické obchodovanie na strane spotrebiteľa a poukázanie na príčiny vzniku odlišností v rovine elektronického obchodovania medzi Slovenskou republikou a Maďarskom. Autorka následne navrhuje slovenským podnikateľom predávajúcim svoje produkty prostredníctvom internetu vhodné odporúčania, na základe ktorých môžu s najväčšou efektivitou a účinnosťou osloviť maďarskú online populáciu a lepšie sa prispôsobiť ich požiadavkám v online prostredí. | ||
| 610 | 2 | 0 | |a obchod elektronický |
| 610 | 2 | 0 | |a spotrebitelia |
| 610 | 2 | 0 | |a nákup |
| 610 | 2 | 0 | |a správanie spotrebiteľa |
| 610 | 2 | 0 | |a Slovensko |
| 610 | 2 | 0 | |a Maďarsko |
| 100 | 1 | |a Potisková, Ingrid | |